Normal view
MARC view
Entry Personal Name
001 - CONTROL NUMBER
- control field: 60958
003 - CONTROL NUMBER IDENTIFIER
- control field: dpl
005 - DATE AND TIME OF LATEST TRANSACTION
- control field: 20240115154527.0
008 - FIXED-LENGTH DATA ELEMENTS
- fixed length control field: 240115|| aca||aabn | a|a d
040 ## - CATALOGING SOURCE
- Original cataloging agency: dpl
- Transcribing agency: dpl
100 ## - HEADING--PERSONAL NAME
- Personal name: Ashutosh Kumar
670 ## - SOURCE DATA FOUND
- Source citation: Work cat.: (dpl)199896: Ashutosh Kumar, Banking English Language:, 2023
